[Event "Nikaia op 25th"]
[Site "Nikaia"]
[Date "2017.08.26"]
[Round "1"]
[White "Agriopoulos, Konstantinos"]
[Black "Kofidis, Andreas"]
[Result "0-1"]
[WhiteElo "1853"]
[BlackElo "2345"]
[PlyCount "120"]
[EventDate "2017.08.26"]
[EventType "swiss"]
[EventRounds "9"]
[EventCountry "GRE"]
[SourceTitle "CBM 180 Extra"]
[Source "ChessBase"]
[SourceDate "2017.10.06"]
[SourceVersion "1"]
[SourceVersionDate "2017.10.06"]
[SourceQuality "1"]

1. e4 c5 2. Nf3 d6 3. d4 cxd4 4. Nxd4 Nf6 5. Nc3 a6 6. f3 e6 7. Be3 Qc7 8. Qd2 Nc6 9. Be2 Ne5 10. g4 Nc4 11. Bxc4 Qxc4 12. Qe2 Qxe2+ 13. Kxe2 Nd7 14. f4 b5 15. a3 Bb7 16. Nb3 Rc8 17. g5 Be7 18. h4 0-0 19. Rhd1 Rxc3 20. bxc3 Bxe4 21. Rd2 Rc8 22. a4 bxa4 23. Rxa4 Bc6 24. Ra2 Bb5+ 25. Kf2 h6 26. f5 Ne5 27. Bf4 Nc4 28. Re2 e5 29. Nd4 Bd7 30. Rxa6 hxg5 31. hxg5 Bf8 32. Ra7 Be8 33. Bc1 exd4 34. cxd4 d5 35. Bf4 Nd6 36. Bxd6 Bxd6 37. f6 Bb5 38. Ra5 Bxe2 39. Rxd5 Bd1 40. Rxd6 Bxc2 41. d5 gxf6 42. Rxf6 Bg6 43. Ke3 Rc4 44. Rb6 Kf8 45. d6 Ke8 46. Rb7 Kd8 47. Ra7 Rg4 48. Ra5 Kd7 49. Kf3 Rd4 50. Ke3 Rxd6 51. Kf4 Re6 52. Rb5 Re4+ 53. Kf3 Rc4 54. Re5 Kd6 55. Ra5 Rc5 56. Ra6+ Ke5 57. Rf6 Rc3+ 58. Kg4 Rc4+ 59. Kg3 Bh5 60. Rh6 Bg6 0-1

[Event "Paleochora op 10th"]
[Site "Paleochora"]
[Date "2017.07.19"]
[Round "1"]
[White "Enchev, Ivajlo"]
[Black "Agriopoulos, Konstantinos"]
[Result "1-0"]
[WhiteElo "2477"]
[BlackElo "1824"]
[PlyCount "45"]
[EventDate "2017.07.19"]
[EventType "swiss"]
[EventRounds "9"]
[EventCountry "GRE"]
[SourceTitle "EXT 2018"]
[Source "ChessBase"]
[SourceDate "2017.10.13"]
[SourceVersion "1"]
[SourceVersionDate "2017.10.13"]
[SourceQuality "1"]

1. Nf3 Nf6 2. c4 c6 3. Nc3 d5 4. e3 a6 5. b3 Bg4 6. h3 Bh5 7. Bb2 Nbd7 8. cxd5 Nxd5 9. Be2 Nc5 10. g4 Bg6 11. Ne5 Nb4 12. d4 Bc2 13. Qd2 Bxb3 14. axb3 Nxb3 15. Bc4 Qd5 16. Nxd5 Nxd2 17. Nxb4 e6 18. Kxd2 Bxb4+ 19. Bc3 Bxc3+ 20. Kxc3 0-0 21. Rhb1 b5 22. Be2 Rfc8 23. Bf3 1-0

[Event "Nikaia op 23rd"]
[Site "Nikaia"]
[Date "2015.09.02"]
[Round "7"]
[White "Tsoukalas, Konstantinos G"]
[Black "Agriopoulos, Konstantinos"]
[Result "0-1"]
[WhiteElo "1290"]
[BlackElo "1693"]
[PlyCount "82"]
[EventDate "2015.08.26"]
[EventType "swiss"]
[EventRounds "9"]
[EventCountry "GRE"]
[SourceTitle "EXT 2016"]
[Source "ChessBase"]
[SourceDate "2015.10.08"]
[SourceVersion "1"]
[SourceVersionDate "2015.10.08"]
[SourceQuality "1"]

1. d4 f5 2. c4 Nf6 3. Nf3 e6 4. Bg5 c6 5. Nc3 h6 6. Bxf6 Qxf6 7. e3 d5 8. Ne5 g6 9. cxd5 exd5 10. Be2 h5 11. Rc1 Nd7 12. Nxd7 Bxd7 13. Bf3 Bb4 14. a3 Bxc3+ 15. Rxc3 Qd6 16. g3 Ke7 17. h4 Rh6 18. Qd2 Rah8 19. Rc1 b6 20. b4 b5 21. Qc3 Ra8 22. Ra1 a5 23. Kd2 Rhh8 24. Kc2 Ra6 25. Kb3 Rha8 26. Rhc1 Qb8 27. Qe1 Qa7 28. Kb2 axb4 29. Qxb4+ Ke6 30. Bd1 Rb8 31. Bb3 Ra4 32. Bxa4 bxa4 33. Qxb8 Qxb8+ 34. Kc2 Qb3+ 35. Kd2 Qb2+ 36. Ke1 Kd6 37. Rcb1 Qc2 38. Rc1 Qd3 39. Rd1 Qe4 40. Rac1 f4 41. Ke2 Bg4+ 0-1

[Event "Nikaia op 23rd"]
[Site "Nikaia"]
[Date "2015.08.31"]
[Round "5"]
[White "Barous, Theodoros"]
[Black "Agriopoulos, Konstantinos"]
[Result "1/2-1/2"]
[WhiteElo "1435"]
[BlackElo "1693"]
[PlyCount "126"]
[EventDate "2015.08.26"]
[EventType "swiss"]
[EventRounds "9"]
[EventCountry "GRE"]
[SourceTitle "EXT 2016"]
[Source "ChessBase"]
[SourceDate "2015.10.08"]
[SourceVersion "1"]
[SourceVersionDate "2015.10.08"]
[SourceQuality "1"]

1. e4 e5 2. Nf3 Nc6 3. d4 exd4 4. Nxd4 Nf6 5. Nc3 Bb4 6. Nxc6 bxc6 7. Bd3 d5 8. 0-0 0-0 9. exd5 cxd5 10. h3 Bb7 11. Qf3 h6 12. Bf4 Qd7 13. Be5 Bxc3 14. bxc3 Ne4 15. Bxe4 dxe4 16. Qg3 f6 17. Bxc7 Rac8 18. Ba5 Qa4 19. Bb4 Rf7 20. Qe3 a5 21. Bc5 Qxc2 22. Bd4 Qa4 23. Qf4 Qc6 24. f3 f5 25. fxe4 Qg6 26. g4 Bxe4 27. Rae1 Rcf8 28. Qg3 f4 29. Qh2 Bd3 30. Rf3 Be4 31. Rf2 f3 32. Qe5 Bd3 33. Qxa5 Rf5 34. Qc7 h5 35. Qxg7+ Qxg7 36. Bxg7 hxg4 37. Bxf8 g3 38. Bd6 gxf2+ 39. Kxf2 Be2 40. Rg1+ Kf7 41. Rg4 Rd5 42. Bb4 Rd1 43. a4 Rf1+ 44. Ke3 Rh1 45. h4 Ke6 46. a5 Kf5 47. Rf4+ Kg6 48. Bc5 Ra1 49. Bb4 Rc1 50. Rd4 Kh5 51. Rd2 Kxh4 52. Rxe2 fxe2 53. Kxe2 Kg5 54. Kd3 Kf5 55. Kd4 Ke6 56. Kc5 Kd7 57. a6 Kc8 58. Kb5 Kb8 59. c4 Rxc4 60. Kxc4 Ka7 61. Kb5 Ka8 62. Bc5 Kb8 63. Bb6 Ka8 1/2-1/2

[Event "Nikaia Fysiolatriko op B"]
[Site "Nikaia"]
[Date "2015.06.18"]
[Round "2"]
[White "Agriopoulos, Konstantinos"]
[Black "Apergis, Iosif"]
[Result "1-0"]
[WhiteElo "1603"]
[BlackElo "1147"]
[PlyCount "39"]
[EventDate "2015.06.16"]
[EventType "swiss"]
[EventRounds "9"]
[EventCountry "GRE"]
[SourceTitle "EXT 2024"]
[Source "ChessBase"]
[SourceDate "2023.10.10"]
[SourceVersion "1"]
[SourceVersionDate "2023.10.10"]
[SourceQuality "1"]

1. Nf3 Nf6 2. d4 d5 3. c4 c6 4. Nc3 dxc4 5. a4 Bf5 6. e3 e6 7. Bxc4 Bb4 8. 0-0 0-0 9. Qb3 Bd6 10. Qxb7 Nbd7 11. Qxc6 Bc7 12. Nb5 Rc8 13. Nxc7 Rxc7 14. Qa6 Nb8 15. Qb5 a6 16. Qb3 Ng4 17. Bd3 Qf6 18. e4 Bg6 19. Bg5 Bxe4 20. Bxe4 1-0

[Event "Petroupoli-ch"]
[Site "Petropouli"]
[Date "2014.03.08"]
[Round "7"]
[White "Kazalis, Manos"]
[Black "Agriopoulos, Konstantinos"]
[Result "1-0"]
[WhiteElo "1495"]
[BlackElo "1274"]
[PlyCount "73"]
[EventDate "2014.01.25"]
[EventType "swiss"]
[EventRounds "7"]
[EventCountry "GRE"]
[SourceTitle "EXT 2015"]
[Source "ChessBase"]
[SourceDate "2014.11.20"]
[SourceVersion "1"]
[SourceVersionDate "2014.11.20"]
[SourceQuality "1"]

1. e4 e5 2. Nf3 Nc6 3. Bc4 Bc5 4. d4 exd4 5. Ng5 d5 6. Bxd5 Ne5 7. Nxf7 Nxf7 8. Bxf7+ Kxf7 9. Qh5+ g6 10. Qxc5 Qd6 11. Qxd6 cxd6 12. Bf4 Nf6 13. Nd2 Rd8 14. 0-0-0 Be6 15. f3 a5 16. Nf1 Nh5 17. Bg3 Rac8 18. a3 Bb3 19. Rd2 d3 20. c3 Rc6 21. Ne3 Nf6 22. Rxd3 d5 23. Be5 Nd7 24. Bg3 Nf6 25. Bh4 Rcc8 26. Bxf6 Kxf6 27. Nxd5+ Ke5 28. f4+ Ke6 29. Nc7+ Ke7 30. Rxd8 Rxd8 31. Nd5+ Bxd5 32. exd5 Rxd5 33. Rd1 Rh5 34. h3 Ke6 35. Rd3 Kf5 36. g4+ Ke4 37. Rd4+ 1-0

[Event "Petroupoli-ch"]
[Site "Petropouli"]
[Date "2014.01.25"]
[Round "1"]
[White "Agriopoulos, Konstantinos"]
[Black "Agriopoulou, Stavroula"]
[Result "1-0"]
[WhiteElo "1274"]
[BlackElo "1000"]
[PlyCount "84"]
[EventDate "2014.01.25"]
[EventType "swiss"]
[EventRounds "7"]
[EventCountry "GRE"]
[SourceTitle "EXT 2015"]
[Source "ChessBase"]
[SourceDate "2014.11.20"]
[SourceVersion "1"]
[SourceVersionDate "2014.11.20"]
[SourceQuality "1"]

1. e4 e5 2. Nf3 Nf6 3. Nxe5 d6 4. Nf3 Nxe4 5. Qe2 Qe7 6. d3 Nf6 7. Bg5 Qxe2+ 8. Bxe2 Be7 9. 0-0 0-0 10. Nc3 Bg4 11. h3 Bh5 12. Rfe1 h6 13. Bh4 Nc6 14. Nb5 Rac8 15. Nfd4 Nxd4 16. Nxd4 Rfe8 17. Bxh5 c5 18. Nb5 a6 19. Bxf6 Bxf6 20. Bxf7+ Kxf7 21. Nxd6+ Kf8 22. Rxe8+ Rxe8 23. Nxe8 Kxe8 24. Rb1 b5 25. b4 c4 26. dxc4 bxc4 27. b5 a5 28. b6 Be5 29. Re1 Kd7 30. Rxe5 Kc6 31. Rxa5 Kxb6 32. Rf5 Kc6 33. Rf7 g5 34. Rf6+ Kb5 35. Rxh6 Ka4 36. Rh5 Ka3 37. Rxg5 Kxa2 38. Rg4 c3 39. Rc4 Kb2 40. Rxc3 Kxc3 41. g4 Kd4 42. g5 Kd5 1-0